Litterature Nobel + Most known work - Statistiques

Statistiques générales
  • Ce quiz a été pris 44 fois
  • Le résultat moyen est 29 sur 121
Statistiques - réponses
Année Pays Anecdote Livre Connu Nom % Correct
1907 Royaume-Uni Décliné anoblissement du roi, un des plus jeunes, 41 ans Le Livre de la jungle Rudyard Kipling
86%
1957 France L’Étranger Albert Camus
77%
1969 Irlande Théâtre de l'absurde En attendant Godot Samuel Beckett
77%
1947 France Liberté individuelle, la morale et la quête de soi Les Faux-Monnayeurs, Les nourritures terrestres, La Porte étroite André Gide
73%
1954 Etats-Unis Philosophie du "Lost Generation" et du code de l'honneur Le Vieil Homme et la Mer Ernest Hemingway
73%
1962 Etats-Unis Les Raisins de la colère John Steinbeck
73%
1982 Colombie Seul colombien, maître du réalisme magique Cent ans de solitude Gabriel García Márquez
68%
2022 France Féministe, classes sociales Les Années Annie Ernaux
64%
1946 Allemand - Suisse Forte dimension philosophique et spirituelle, influencés par la psychanalyse et les traditions orientales (Bouddha) Siddhartha Hermann Hesse
59%
1949 Etats-Unis Maître du flux de conscience et de la narration non linéaire Le Bruit et la Fureur William Faulkner
59%
1952 France Thérèse Desqueyroux François Mauriac
55%
2014 France Mémoire, de l’identité et de l’Occupation Dora Bruder Patrick Modiano
55%
1901 France Devance Tolstoi Stances et Poèmes, Les Vaines Tendresses Sully Prudhomme
55%
1983 Royaume-Uni Roman repris par Brook Sa Majesté des mouches William Golding
55%
1970 URSS Exil et la censure en URSS L'Archipel du Goulag Alexandre Soljenitsyne
50%
1921 France Défenseur de Dreyfus L’Île des Pingouins Anatole France
50%
2016 Etats-Unis Premier auteur-compositeur Lyrics 1961-2012 Bob Dylan
50%
1904 France Fondateur du Félibrige Mireille Frédéric Mistral
50%
1945 Chili Première autrice latino-américaine, recueil de poésie Tendresse Gabriela Mistral
50%
1927 France Philosophe Essai sur les données immédiates de la conscience Henri Bergson
50%
1964 Jean-Paul Sartre
50%
1929 Allemagne Déchu de sa nationalité en 36 Les Buddenbrook Thomas Mann
50%
1958 URSS Contraint de refuser le prix Docteur Jivago Boris Pasternak
45%
2008 France Nomade dont l’œuvre explore l’exil, les cultures oubliées et la quête d’identité Le Désert J. M. G. Le Clézio
45%
1934 Italie Dramaturge, précurseur théâtre de l'absurde Six Personnages en quête d’auteur Luigi Pirandello
41%
1915 France Admirateur de Gandhi, biographie de Tolstoi, Roman-fleuve Jean-Christophe Romain Rolland
41%
1953 Royaume-Uni La Seconde Guerre mondiale Churchill
36%
1997 Italie Théâtre satirique et engagé, mêlant comédie et critique sociale sur les abus de pouvoir Mort accidentelle d’un anarchiste Dario Fo
36%
1925 Irlande Seul à aussi avoir un Oscar pour Pygmalion au cinéma en 1938 Pygmalion George Bernard Shaw
36%
1911 Belgique Théatre + Philosophie, seul belge Pelléas et Mélisande (mis en musique par Debussy), La Vie des abeilles Maurice Maeterlinck
36%
1971 Chili Poète Chant général Pablo Neruda
36%
1937 France Grande fresque familiale Les Thibault Roger Martin du Gard
36%
1993 Etats-Unis Première femme afro-américaine Beloved Toni Morrison
36%
1985 France Nouveau roman La Route des Flandres Claude Simon
32%
1960 France Pseudonyme d’Alexis Léger, diplomate et poète Exil (poème) Saint-John Perse
32%
1950 Royaume-Uni Philosophe, humaniste Pourquoi je ne suis pas chrétien Bertrand Arthur William, comte Russell
27%
1999 Allemagne Roman picaresque et symbolique Le Tambour Günter Grass
27%
1920 Norvège Roman psychologique La Faim Knut Hamsun
27%
2010 Pérou Ecrivain du Boom latino-américain La Fête au bouc Mario Vargas Llosa
27%
2006 Turquie Mon nom est Rouge Orhan Pamuk
27%
2024 Corée du Sud La Végétarienne Han Kang
23%
1905 Pologne Quo Vadis Henryk Sienkiewicz
23%
2003 Afrique du Sud Disgrâce J. M. Coetzee
23%
2023 Norvège Dramaturge, proche du théâtre de l'absurde Septolog Jon Fosse
23%
1965 URSS Le Don paisible Mikhaïl Cholokhov
23%
1990 Mexique Poète et essayiste Le Labyrinthe de la solitude Octavio Paz
23%
1913 Raj britannique Premier non européen, compositeur de l'hymne Inde + Bengladesh Gitanjali Rabindranath Tagore
23%
1909 Suède Première femme prix Nobel et académicienne en Suède Le Merveilleux Voyage de Nils Holgersson à travers la Suède Selma Lagerlöf
23%
2015 Biélorussie Récit documentaire La Supplication : Tchernobyl, chronique du monde après l’apocalypse Svetlana Alexievitch
23%
1968 Japon Poète mélancolique, influencée par l’esthétique japonaise du mono no aware (la beauté éphémère des choses) Pays de neige Yasunari Kawabata
23%
1936 Etats-Unis Père du théâtre américain moderne Long Voyage vers la nuit Eugene O'Neill
18%
1955 Islande Seul islandais, réalisme social, satire et mythologie nordique Gens indépendants Halldór Laxness
18%
1933 Russe Exilé en France après 1917 La Vie d'Arséniev Ivan Bounine
18%
1961 Yougoslavie Sur tension dans les Balkans Le Pont sur la Drina Ivo Andrić
18%
1998 Portugal L’Aveuglement José Saramago
18%
2017 Royaume-Uni Origine japonaise, mélancolie, de mémoire et de regrets Les Vestiges du jour Kazuo Ishiguro
18%
1988 Egypte Premier arabe Trilogie du Caire Naguib Mahfouz
18%
1938 Etats-Unis Grandi en Chine, culture chinoise La Terre chinoise Pearl Buck
18%
1908 Empire allemand Philosophe Le sens et la valeur de la vie Rudolf Christoph Eucken
18%
1930 Etats-Unis Critique de la société américaine Main Street Sinclair Lewis
18%
1902 Empire allemand Historien spécialiste de Rome Histoire romaine Theodor Mommsen
18%
1948 Royaume-Uni Poète moderniste La Terre vaine T. S. Eliot
18%
2004 Autriche Féminisite, critique capitalisme et violence La Pianiste Elfriede Jelinek
14%
2000 France Origine chinoise La Montagne de l’âme Gao Xingjian
14%
1963 Grèce Poète Strophe Georges Séféris
14%
1912 Empire allemand Théatre naturaliste allemand Les Tisserands Gerhart Hauptmann
14%
1956 Espagne Poète, recherche de la beauté Platero et moi Juan Ramón Jiménez
14%
1994 Japon Handicap, la guerre Une affaire personnelle Kenzaburō Ōe
14%
2020 Etats-Unis Poétesse Averno Louise Glück
14%
1967 Guatemala Critique les dictatures AmLat Monsieur le Président Miguel Ángel Asturias
14%
1991 Afrique du Sud Engagée contre l'apartheid Un monde d’étrangers Nadine Gordimer
14%
2019 Autriche Récit autobiographique sur le suicide de sa mère Le Malheur indifférent Peter Handke
14%
1923 Irlande Renaissance littéraire irlandaise Les Tours William Butler Yeats
14%
1986 Nigeria Premier africain La Mort et l'écuyer du roi Wole Soyinka
14%
1903 Norvège A composé l'hymne national norvégien Les paysans Bjørnstjerne Bjørnson
9%
1919 Suisse Epopée en vers de la mythologie, seul Suisse prix nobel de littérature Olympia Carl Spitteler
9%
1992 Sainte-Lucie Caraïbes, revisite l'Odyssée Omeros Derek Walcott
9%
2007 Royaume-Uni Féminisme, le colonialisme et la psychologie Le Carnet d’or Doris Lessing
9%
1931 Suède Seul à recevoir à titre posthume Les Chants du Dalécarlien Erik Axel Karlfeldt
9%
1975 Italie Poète - hermétisme Ossi di seppia Eugenio Montale
9%
1974 Suède Revisite histoire de Charlemagne Les Souvenirs m’accompagnent Eyvind Johnson
9%
1939 Finlande Seul finlandais Silja ou une jeunesse Frans Emil Sillanpää
9%
1972 Allemagne Ouest Dénonce l’hypocrisie et le matérialisme de la société allemande d’après-guerre L’Honneur perdu de Katharina Blum Heinrich Böll
9%
1917 Danemark Critique les inégalités sociales Lucky Per Henrik Pontoppidan
9%
2009 Allemagne / Roumanie Dictature sous Ceaușescu La bascule du souffle Herta Müller
9%
1978 Etats-Unis Ecrit en yiddish L’Esclave Isaac Bashevis Singer
9%
1932 Anglais La Dynastie des Forsyte John Galsworthy
9%
1904 Espagne Mathématicien et dramaturge Mariana, El Gran Galeoto José Echegaray
9%
1917 Danemark Influencé par Bouddhisme Le Pèlerin Kamanita Karl Adolph Gjellerup
9%
2012 Chine Le Clan du sorgho Mo Yan
9%
1973 Australie L’Œil du cyclone Patrick White
9%
1910 Empire allemand Spécialiste des nouvelles "Novellenkunst" L'Enfant du monde Paul Heyse
9%
1959 Italie Poète, hermétisme italien, caractérisé par une poésie dense et symbolique Et soudain c’est le soir (recueil) Salvatore Quasimodo
9%
1966 Israel Une histoire simple Samuel Joseph Agnon
9%
1924 Pologne Souvent comparée aux "Rougon-Macquart" de Zola pour son réalisme social Les Paysans Władysław Stanisław Reymont
9%
2021 Tanzanie Exil, colonialisme Près de la mer Abdulrazak Gurnah
5%
2013 Canada Maîtresse de la nouvelle contemporaine Fugitives Alice Munro
5%
1981 Royaume-Uni / Bulgarie Psychologie des foules et la mémoire Masse et puissance Elias Canetti
5%
1906 Italie Ardent patriote Odes barbares Giosuè Carducci
5%
1926 Italie Ecrit sur la Sardaigne Élias Portolu Grazia Deledda
5%
2005 Royaume-Uni Théâtre absurde L’Anniversaire Harold Pinter
5%
1974 Suède Poème épique sci-fi Aniara Harry Martinson
5%
2002 Hongrie Roman autobiographique sur l’Holocauste, basé sur son expérience à Auschwitz Être sans destin Imre Kertész
5%
1922 Royaume d'Espagne Théatre modernisé avec réalisme social et psychologique La Malquerida Jacinto Benavente
5%
1984 Tchécoslovaquie Seul tchèque La Couronne de sonnets Jaroslav Seifert
5%
1944 Danemark Histoire, mythologie et évolutionnisme Le Long Voyage Johannes V. Jensen
5%
1987 Etats-Unis Origine russe, exilé aux U.S. Parties d’un discours en exil Joseph Brodsky
5%
1966 Suède Poétesse juive d'origine allemande, écrivant sur la Shoah Dans les demeures de la mort Nelly Sachs
5%
2018 Pologne Roman-fleuve melant histoire, mythologie et réflexion philosophique Les Livres de Jakob Olga Tokarczuk
5%
1951 Suède Le Nain Pär Lagerkvist
5%
1995 Irlande Poète, violence en Irlande Death of a Naturalist Seamus Heaney
5%
1928 Norvège Moyen-Age scandinave, opposition au nazisme Kristin Lavransdatter Sigrid Undset
5%
2011 Suède Poète Les Gondoles du Nord Tomas Tranströmer
5%
1916 Suède Histoire de la Suède, Romantique, portaits de Roi Les Carolins Verner von Heidenstam
5%
1977 Espagne Figure clé de la Génération de 27 Ombre du paradis Vicente Aleixandre
5%
2001 Royaume-Uni Origine indo-trinidadienne, écrit sur l'exil Une maison pour Monsieur Biswas V. S. Naipaul
5%
1996 Pologne Poétesse, humour subtile et philosophique Instant Wisława Szymborska
5%
1989 Espagne Tremendisme, (caractérisé par une vision sombre et brutale de la société) La Famille de Pascual Duarte Camilo José Cela
0%
1980 Pologne / Etats-Unis La Pensée captive Czesław Miłosz
0%
1979 Grèce Célèbre la lumière, la mer Égée et l’héritage hellénique à travers un lyrisme puissant To Axion Esti Odysséas Elýtis
0%
1976 Etats-Unis / Canada Herzog Saul Bellow
0%
Aucun quiz correspondant
Distribution des résultats
% des personnes avec chaque résultat
Percentile par nombre de réponses
Votre historique - résultats
Vous n’avez pas pris ce quiz